Forty famous composers /

Bibliographic Details
Main Author: Thomas, Henry, 1888-1970
Other Authors: Thomas, Dana Lee, 1918-
Format: Book
Language:English
Published: Garden City, N. Y. : Halcyon House, [1948]
Edition:[1st ed.].
Subjects:

MARC

Tag First Indicator Second Indicator Subfields
LEADER 00000cam a2200000 4500
001 in00000021083
005 20151007060947.0
008 770422s1948 nyuc 00010 eng
010 |a  48004827  
035 |a (OCoLC)02909886 
035 |9 AAD0692AM 
040 |a DLC  |c DMM  |d TXA  |d UtOrBLW 
049 |a TXAM  |c [159680] 
050 0 0 |a ML390  |b .T384 
082 0 |a 927.8 
092 |a 780.92  |b T457f 
100 1 |a Thomas, Henry,  |d 1888-1970. 
245 1 0 |a Forty famous composers /  |c [by] Henry Thomas and Dana Lee Thomas. Illus. by Gordon Ross and Campbell Ross. 
250 |a [1st ed.]. 
264 1 |a Garden City, N. Y. :  |b Halcyon House,  |c [1948] 
300 |a viii, 437 pages :  |b portraits ;  |c 22 cm. 
336 |a text  |b txt  |2 rdacontent 
337 |a unmediated  |b n  |2 rdamedia 
338 |a volume  |b nc  |2 rdacarrier 
650 0 |a Composers. 
700 1 |a Thomas, Dana Lee,  |d 1918- 
999 |a MARS 
999 f f |s 07eff00f-9e85-3e28-ab35-4de23869da35  |i 14c6c37c-de77-31ee-b9f9-593588cf989c  |t 0 
952 f f |p ric  |a Texas A&M University  |b Rellis Campus  |c Joint Library Facility  |d Remote Storage  |t 0  |e ML390 .T384  |h Library of Congress classification  |i unmediated -- volume  |m A14801168167 
998 f f |a ML390 .T384  |t 0  |l Remote Storage